| 000 | 01552nas a2200349 i 4500 | ||
|---|---|---|---|
| 001 | 49780 | ||
| 003 | DR-UNIBE | ||
| 005 | 20250612152919.0 | ||
| 007 | ta | ||
| 008 | 200225e2023 dr fn|p|r||||||0| | spa d | ||
| 022 | _a2737-6516 | ||
| 022 | _a2737-6559-En línea | ||
| 040 |
_aBIBLIOTECA UNIBE _cBIBLIOTECA UNIBE _bspa _dDO-SdBNP _erda |
||
| 041 | _aspa | ||
| 245 | 0 | 0 | _aHormonas (Archivos dominicanos de endocrinología). |
| 264 |
_aSanto Domingo, República Dominicana : _bSociedad Dominicana de Endocrinología y Nutrición, _c2023. |
||
| 300 |
_avolumen : _bilustraciones, tablas ; _c28 x 22 cm |
||
| 310 | _aSemestral. | ||
| 336 |
_atexto _btxt _2rdacontent |
||
| 337 |
_asin mediación _bn _2rdamedia |
||
| 338 |
_avolumen _bnc _2rdacarrier |
||
| 362 | 0 | _aVolumen 14, No. 1 (enero-junio 2023). | |
| 500 | _aEsta catalogación está basada con este volumen: Volumen 14, No. 1 (enero-junio 2023). | ||
| 650 | 7 |
_aEndocrinología _91356 _2lemb _vPublicaciones periódicas _zRepública Dominicana |
|
| 650 | 7 |
_aNutrición _961225 _2lemb _vPublicaciones periódicas _zRepública Dominicana |
|
| 650 | 7 |
_aHormonas _961226 _2lemb _vPublicaciones periódicas _zRepública Dominicana |
|
| 650 | 7 |
_aGlándulas endocrinas _961227 _2lemb _vPublicaciones periódicas _zRepública Dominicana |
|
| 650 | 7 |
_aRegulación del metabolismo _91201 _2lemb _vPublicaciones periódicas _zRepública Dominicana |
|
| 655 | 7 |
_aPublicaciones periódicas _961229 _2lemb |
|
| 710 | 2 |
_aSociedad Dominicana de Endocrinología y Nutrición _eautor _9163764 |
|
| 942 |
_2ddc _cISSUE |
||
| 999 |
_c59099 _d59099 |
||